Statistiques concernant Quiz sur le Paraguay

Cliquez ici pour prendre le quiz!

Statistiques générales

  • Ce quiz a été pris 2 634 fois
  • Le résultat moyen est 9 sur 18

Statistiques - réponses

QuestionRéponse% Correct
Pays frontaliersBrésil
98%
Pays frontaliersArgentine
97%
Langues officiellesEspagnol
97%
Pays frontaliersBolivie
95%
Capitale et ville la plus peuplée du paysAsunción
86%
Le Paraguay est l'un des deux seuls pays d'Amérique qui est...Enclavé
68%
Boisson caféinée typique du Paraguay et des pays voisinsMaté
45%
Guerre dans laquelle le Paraguay a perdu un tiers de son territoire, suite à
laquelle il n'y avait plus qu'un homme pour quatre femmes dans le pays
Guerre de la
{Triple}-Alliance
43%
On trouve au Paraguay le capybara, la plus grande espèce de ___ du mondeRongeur
42%
Le Paraguay a en moyenne 2 individus de cette espèce animale par habitant,
ce qui est plus que tout autre pays sauf l'Uruguay et la Nouvelle-Zélande
Vache
42%
Le Paraguay est le seul pays dont le drapeau a deux ___ différentesFaces
28%
Langues officiellesGuaraní
26%
Le Paraguay est le deuxième producteur mondial de cette plante
au pouvoir sucrant 300 fois supérieur à celui du sucre commun
S{tevia}
25%
Fleuve dans lequel le Río Paraguay se jetteParaná
21%
Légumineuse qui représente 39% des exportations du ParaguaySoja
20%
Deuxième plus grande ville, proche des Chutes d'IguazúCiudad del {Este}
18%
Grande plaine semiaride qui recouvre la partie occidentale du ParaguayGran {Chaco}
14%
95% des paraguayens sont des métis européens-amérindiens, appelés ___Mestizos
13%

Distribution des résultats

Percentile par nombre de réponses

% des personnes avec chaque résultat

Votre développement - résultats

Vous n’avez pas pris ce quiz